01133nam a2200253 a 450000100100000000500170001000800410002704000250006808200170009310000280011024501280013826000430026630000370030949000290034650000550037550400740043053401160050470000370062070000390065783000360069604900090073295201210074199900170086200002566420200930023944.0110218s1974 cl ad r 000 0 spa d aDO-SdBNPbspacBNPHU axxxxxbR175e1 aRamos, Joseph R.95240910aEconomía y trabajo en América Latina /cJoseph R. Ramos ; prólogo Albert G. Hart ; traducción Carlos Aníbal Leal. aBuenos Aires, Chile :bMarymar,c1974. a249 p. :bil., diagrs. ;c23 cm.1 aBiblioteca de economía aIncluye referencias bibliográficas p. [243-249]. aIncluye referencias bibliográficas y notas al pie de las páginas. pTítulo original :tLabor and development in Latin America.cNew York : Columbia University Press, 1968, 1970.1 aHart, Albert G.,epról.9524101 aLeal, Carlos Aníbal,etr.952411 0aBiblioteca de economía952412 aBNGR 001054708MOaGRbGRcCTd2011-02-18iLF1l0oxxxxx R175ep25664-10r2020-06-25w2020-06-25y4ZPréstamo en sala c25156d25156